000 00295nam a2200121Ia 4500
005 20260326100039.0
008 260326s9999||||xx |||||||||||||| ||und||
100 _aGibelli, Nicolas J.
245 0 _aGrandes Museus do Mundo /
_cNicolas J. Gibelli
260 _bCodex
650 _aARTE
942 _cBK
999 _c6921
_d6921